[Event "Toronto NAYCC U14"]
[Site "Toronto"]
[Date "2013.08.18"]
[Round "8"]
[White "Chen, George"]
[Black "Hua, Justin"]
[Result "0-1"]
[WhiteElo "1158"]
[BlackElo "1210"]
[PlyCount "38"]
[EventDate "2013.08.14"]
[EventType "swiss"]
[EventRounds "9"]
[EventCountry "CAN"]
[SourceTitle "EXT 2022"]
[Source "ChessBase"]
[SourceDate "2021.10.06"]
[SourceVersion "1"]
[SourceVersionDate "2021.10.06"]
[SourceQuality "1"]

1. e4 e5 2. Nf3 Nc6 3. Bc4 Nf6 4. d3 Be7 5. 0-0 0-0 6. Bg5 d6 7. h3 Be6 8. Bb3 d5 9. exd5 Nxd5 10. Bxe7 Qxe7 11. Re1 f6 12. d4 Bf7 13. dxe5 Rad8 14. exf6 Qxf6 15. Qc1 Nf4 16. Nc3 Bxb3 17. axb3 Nxg2 18. Qg5 Nxe1 19. Qxf6 Nxf3+ 0-1

[Event "Toronto NAYCC U14"]
[Site "Toronto"]
[Date "2013.08.18"]
[Round "9"]
[White "Chen, George"]
[Black "Yanchev, Venelin"]
[Result "1-0"]
[WhiteElo "1158"]
[BlackElo "550"]
[PlyCount "51"]
[EventDate "2013.08.14"]
[EventType "swiss"]
[EventRounds "9"]
[EventCountry "CAN"]
[SourceTitle "EXT 2022"]
[Source "ChessBase"]
[SourceDate "2021.10.06"]
[SourceVersion "1"]
[SourceVersionDate "2021.10.06"]
[SourceQuality "1"]

1. e4 e6 2. d3 d5 3. Nd2 Bd6 4. Ngf3 Nd7 5. g3 c5 6. Bg2 Ngf6 7. 0-0 0-0 8. Re1 Ng4 9. h3 Nge5 10. Nxe5 Nxe5 11. exd5 exd5 12. Bxd5 Qf6 13. Bg2 Rb8 14. Ne4 Qe7 15. Nxd6 Qxd6 16. Bf4 Re8 17. Qh5 Qb6 18. Bxe5 Rxe5 19. Qxe5 g6 20. Qxb8 Qd8 21. Bxb7 Bxb7 22. Qxd8+ Kg7 23. Re7 Bd5 24. Qxd5 Kh6 25. Qxf7 Kg5 26. Qf4+ 1-0

[Event "Toronto NAYCC U14"]
[Site "Toronto"]
[Date "2013.08.17"]
[Round "7"]
[White "Katznelson, Roy"]
[Black "Chen, George"]
[Result "1-0"]
[WhiteElo "998"]
[BlackElo "1158"]
[PlyCount "89"]
[EventDate "2013.08.14"]
[EventType "swiss"]
[EventRounds "9"]
[EventCountry "CAN"]
[SourceTitle "EXT 2022"]
[Source "ChessBase"]
[SourceDate "2021.10.06"]
[SourceVersion "1"]
[SourceVersionDate "2021.10.06"]
[SourceQuality "1"]

1. d4 d5 2. c4 e6 3. Nf3 Nf6 4. Bf4 Bb4+ 5. Nc3 Ne4 6. Bd2 Nxd2 7. Qxd2 0-0 8. e3 Nd7 9. Bd3 dxc4 10. Bxc4 b6 11. 0-0 Bb7 12. a3 Bd6 13. d5 Ne5 14. Nxe5 Bxe5 15. e4 Qh4 16. g3 Bxc3 17. Qxc3 Qxe4 18. f3 Qf5 19. dxe6 fxe6 20. Rae1 Bd5 21. Bxd5 exd5 22. Qxc7 Rfc8 23. Qb7 Rcb8 24. Qc6 d4 25. g4 Rc8 26. Re8+ Kf7 27. Qb7+ Kxe8 28. gxf5 d3 29. Re1+ Kf8 30. f6 gxf6 31. Qe7+ Kg8 32. Rd1 Re8 33. Qxf6 Rad8 34. Kf2 Re2+ 35. Kg3 Rf8 36. Qg5+ Kh8 37. Rxd3 Rg8 38. Rd8 Ree8 39. Rxe8 Rxe8 40. Qf6+ Kg8 41. Kg4 Re2 42. h4 Rg2+ 43. Kh5 Rg6 44. Qxg6+ hxg6+ 45. Kxg6 1-0

[Event "Toronto NAYCC U14"]
[Site "Toronto"]
[Date "2013.08.15"]
[Round "3"]
[White "Nitu, Vlad"]
[Black "Chen, George"]
[Result "1/2-1/2"]
[WhiteElo "1446"]
[BlackElo "1158"]
[PlyCount "42"]
[EventDate "2013.08.14"]
[EventType "swiss"]
[EventRounds "9"]
[EventCountry "CAN"]
[SourceTitle "EXT 2022"]
[Source "ChessBase"]
[SourceDate "2021.10.06"]
[SourceVersion "1"]
[SourceVersionDate "2021.10.06"]
[SourceQuality "1"]

1. d4 d5 2. Nf3 c5 3. e3 Nf6 4. b3 Bg4 5. Bb2 Nc6 6. Nbd2 e6 7. Be2 Bd6 8. 0-0 0-0 9. c4 cxd4 10. Nxd4 Bxe2 11. Qxe2 Rc8 12. Rac1 Nxd4 13. Bxd4 Bc5 14. Bb2 Bb4 15. Rfd1 Bxd2 16. Rxd2 Ne4 17. Rd3 Qa5 18. Qg4 g6 19. f3 dxc4 20. bxc4 Rxc4 21. Rcd1 Nd6 1/2-1/2

[Event "Scarborough CC Falling Leaves U1400"]
[Site "Toronto"]
[Date "2011.12.15"]
[Round "7"]
[White "Chen, George"]
[Black "Frias, Evnato"]
[Result "1/2-1/2"]
[WhiteElo "1227"]
[BlackElo "1241"]
[PlyCount "94"]
[EventDate "2011.11.03"]
[EventType "swiss"]
[EventRounds "7"]
[EventCountry "CAN"]
[SourceTitle "EXT 2022"]
[Source "ChessBase"]
[SourceDate "2021.10.06"]
[SourceVersion "1"]
[SourceVersionDate "2021.10.06"]
[SourceQuality "1"]

1. d4 e6 2. c4 Nc6 3. Nf3 h6 4. g3 d5 5. cxd5 Qxd5 6. Nc3 Bb4 7. a3 Bxc3+ 8. bxc3 Nf6 9. Bg2 Qc4 10. Qc2 Nd5 11. Bb2 0-0 12. 0-0 Re8 13. e4 Nf6 14. Nd2 Qb5 15. e5 Nh7 16. Rfe1 Ne7 17. f4 c5 18. a4 Qb6 19. Nc4 Qc7 20. Nd6 Rd8 21. Rac1 Nf5 22. Nxf5 exf5 23. Red1 Rb8 24. Bh3 g6 25. Bg2 b5 26. axb5 Rxb5 27. Ba3 c4 28. Bd6 Qb6 29. Rb1 Rb3 30. Bc5 Qb8 31. Bd6 Qb5 32. Bc5 a5 33. Bf1 Bb7 34. Rxb3 Qxb3 35. Qxb3 cxb3 36. Rb1 a4 37. Bb5 Ra8 38. Ba3 Nf8 39. Bc4 Ba6 40. Bd5 Rc8 41. Rc1 Bc4 42. Bxc4 Rxc4 43. Kf2 Nd7 44. Ke3 Nb6 45. Kd3 Rc8 46. c4 Kg7 47. c5 Nd5 1/2-1/2

[Event "Scarborough CC Falling Leaves U1400"]
[Site "Toronto"]
[Date "2011.11.24"]
[Round "4"]
[White "Chen, George"]
[Black "Zhao, Yanchun"]
[Result "0-1"]
[WhiteElo "1227"]
[BlackElo "1242"]
[PlyCount "66"]
[EventDate "2011.11.03"]
[EventType "swiss"]
[EventRounds "7"]
[EventCountry "CAN"]
[SourceTitle "EXT 2022"]
[Source "ChessBase"]
[SourceDate "2021.10.06"]
[SourceVersion "1"]
[SourceVersionDate "2021.10.06"]
[SourceQuality "1"]

1. d4 d5 2. c4 c6 3. Nc3 Nf6 4. Bg5 Nbd7 5. e3 e6 6. Nf3 Be7 7. Be2 h6 8. Bf4 0-0 9. 0-0 Nh5 10. Be5 f6 11. Bg3 Nxg3 12. hxg3 a6 13. Nd2 b5 14. c5 e5 15. f4 e4 16. b4 f5 17. g4 Nf6 18. gxf5 Bxf5 19. Nb3 Qd7 20. Qe1 Bg4 21. Qf2 Nh5 22. Qe1 Bxe2 23. Nxe2 Qg4 24. Na5 Rac8 25. Nb3 Bh4 26. Qd1 Rf6 27. f5 Rcf8 28. Nf4 Qxd1 29. Raxd1 Nxf4 30. Rxf4 Bg5 31. Rff1 Bxe3+ 32. Kh1 Rxf5 33. Rfe1 Rh5# 0-1

[Event "Scarborough CC Howard Ridout U1800"]
[Site "Toronto"]
[Date "2011.10.27"]
[Round "6"]
[White "Chen, George"]
[Black "Paraparan, Varshini"]
[Result "1/2-1/2"]
[WhiteElo "1227"]
[BlackElo "927"]
[PlyCount "85"]
[EventDate "2011.09.08"]
[EventType "swiss"]
[EventRounds "6"]
[EventCountry "CAN"]
[SourceTitle "EXT 2022"]
[Source "ChessBase"]
[SourceDate "2021.10.06"]
[SourceVersion "1"]
[SourceVersionDate "2021.10.06"]
[SourceQuality "1"]

1. d4 Nf6 2. c4 e6 3. Nc3 Bb4 4. a3 Bxc3+ 5. bxc3 h6 6. Nf3 b6 7. g3 Bb7 8. Bg2 0-0 9. 0-0 Ne4 10. Qc2 Qf6 11. Nd2 Nxd2 12. Bxd2 Bxg2 13. Kxg2 Nc6 14. e4 Qg6 15. Rac1 Rfe8 16. f3 Rad8 17. d5 exd5 18. cxd5 Na5 19. c4 Nb7 20. Bf4 d6 21. Rfe1 Re7 22. Qb1 Rde8 23. Rc2 Nc5 24. Rce2 Qh7 25. h3 f5 26. e5 dxe5 27. Rxe5 Rxe5 28. Rxe5 Rxe5 29. Bxe5 g5 30. Qd1 Qe7 31. Bb2 Nb3 32. d6 cxd6 33. Qd5+ Kf8 34. Qxf5+ Ke8 35. Qc8+ Kf7 36. Qf5+ Ke8 37. Qg6+ Kd7 38. Qf5+ Ke8 39. Qb5+ Kf8 40. Qxb3 Qe2+ 41. Kg1 Qe1+ 42. Kg2 Qe2+ 43. Kh1 1/2-1/2

[Event "CAN-ch U10"]
[Site "Richmond Hill"]
[Date "2011.07.08"]
[Round "7"]
[White "Chen, George"]
[Black "Shamroni, Dennis"]
[Result "1/2-1/2"]
[WhiteElo "1292"]
[BlackElo "1210"]
[PlyCount "100"]
[EventDate "2011.07.06"]
[EventType "swiss"]
[EventRounds "7"]
[EventCountry "CAN"]
[SourceTitle "EXT 2022"]
[Source "ChessBase"]
[SourceDate "2021.10.06"]
[SourceVersion "1"]
[SourceVersionDate "2021.10.06"]
[SourceQuality "1"]

1. e4 c5 2. Nf3 d6 3. d4 cxd4 4. Nxd4 Nf6 5. Nc3 a6 6. Bd3 e5 7. Nb3 Be7 8. Bd2 0-0 9. 0-0 Nc6 10. f4 Bg4 11. Qe1 exf4 12. Bxf4 Re8 13. h3 Bh5 14. Qd2 Rc8 15. Rae1 Qd7 16. Nd5 Nxd5 17. exd5 Na7 18. c4 b5 19. cxb5 Nxb5 20. Be3 Bh4 21. Bf5 Bxe1 22. Bxd7 Bxd2 23. Bxd2 Rcd8 24. Bxe8 Rxe8 25. Rc1 f6 26. Rc6 Re5 27. Rxa6 Rxd5 28. Ra5 Bd1 29. Bb4 Bxb3 30. axb3 Kf7 31. Kf2 Ke6 32. Kf3 Nd4+ 33. Kf4 Rxa5 34. Bxa5 Nxb3 35. Bc3 h5 36. Ke3 g5 37. Kf3 d5 38. Ke3 d4+ 39. Bxd4 Nxd4 40. Kxd4 f5 41. b4 g4 42. hxg4 fxg4 43. b5 Kd6 44. b6 h4 45. Ke3 h3 46. gxh3 gxh3 47. Kf2 h2 48. Kg2 h1Q+ 49. Kxh1 Kc6 50. Kg2 Kxb6 1/2-1/2

[Event "NZL-ch Major"]
[Site "Auckland"]
[Date "2010.01.10"]
[Round "9"]
[White "Michael, Andrew"]
[Black "Chen, George"]
[Result "0-1"]
[WhiteElo "1829"]
[BlackElo "1403"]
[PlyCount "56"]
[EventDate "2010.01.02"]
[EventType "swiss"]
[EventRounds "11"]
[EventCountry "NZL"]
[SourceTitle "CBM 134 Extra"]
[Source "ChessBase"]
[SourceDate "2010.03.03"]
[SourceVersion "1"]
[SourceVersionDate "2010.03.03"]
[SourceQuality "1"]

1. d4 d5 2. e4 dxe4 3. f3 exf3 4. Qxf3 Qxd4 5. Nc3 e6 6. Bb5+ c6 7. Nge2 Qd8 8. Ba4 Nf6 9. Bg5 Be7 10. Rd1 Qb6 11. Bb3 Nbd7 12. Be3 Qc7 13. 0-0 Ne5 14. Qg3 Nh5 15. Qf2 Rf8 16. Ba4 Ng4 17. Bf4 Nxf2 18. Bxc7 Nxd1 19. Rxd1 f5 20. Be5 g5 21. Nd4 Bc5 22. Kf1 Bxd4 23. Rxd4 Bd7 24. Ke1 Rd8 25. Bd6 Rg8 26. Bc7 Rc8 27. Bd6 b5 28. Bb3 c5 0-1

[Event "NZL-ch Major"]
[Site "Auckland"]
[Date "2010.01.09"]
[Round "8"]
[White "Chen, George"]
[Black "MacLeod, Hugh"]
[Result "1/2-1/2"]
[WhiteElo "1403"]
[BlackElo "1734"]
[PlyCount "72"]
[EventDate "2010.01.02"]
[EventType "swiss"]
[EventRounds "11"]
[EventCountry "NZL"]
[SourceTitle "CBM 134 Extra"]
[Source "ChessBase"]
[SourceDate "2010.03.03"]
[SourceVersion "1"]
[SourceVersionDate "2010.03.03"]
[SourceQuality "1"]

1. e4 c5 2. Nf3 d6 3. Bb5+ Bd7 4. Bxd7+ Qxd7 5. 0-0 Nc6 6. c3 Nf6 7. Re1 e6 8. d4 cxd4 9. cxd4 Be7 10. Nc3 0-0 11. Bg5 Rfe8 12. a3 Rad8 13. Qc2 a6 14. Rad1 Qc7 15. e5 dxe5 16. dxe5 Rxd1 17. Nxd1 Nd7 18. Bxe7 Rxe7 19. Ng5 g6 20. f4 Qb6+ 21. Kh1 Re8 22. Nc3 h6 23. Nf3 Kg7 24. Rd1 Rd8 25. Ne4 Qc7 26. Nd6 Nb6 27. Nd2 Nd5 28. Qe4 Nce7 29. Qa4 Nc6 30. Rc1 Qe7 31. Nf3 a5 32. g3 Rb8 33. Qb5 Nc7 34. Qb6 Nd5 35. Qb5 Nc7 36. Qb6 Nd5 1/2-1/2

[Event "NZL-ch Major"]
[Site "Auckland"]
[Date "2010.01.07"]
[Round "6"]
[White "Chen, George"]
[Black "Lyall, Simon"]
[Result "1-0"]
[WhiteElo "1403"]
[BlackElo "1626"]
[PlyCount "75"]
[EventDate "2010.01.02"]
[EventType "swiss"]
[EventRounds "11"]
[EventCountry "NZL"]
[SourceTitle "CBM 134 Extra"]
[Source "ChessBase"]
[SourceDate "2010.03.03"]
[SourceVersion "1"]
[SourceVersionDate "2010.03.03"]
[SourceQuality "1"]

1. e4 e5 2. Nf3 Nf6 3. Nxe5 d6 4. Nf3 Nxe4 5. d3 Nf6 6. Nc3 Be7 7. Be2 Nc6 8. h3 d5 9. d4 Bf5 10. Be3 Nb4 11. Rc1 0-0 12. Bd3 Nxd3+ 13. cxd3 c6 14. 0-0 Qb6 15. Qd2 Rac8 16. Rfe1 Rfe8 17. a3 Qc7 18. Bg5 Qd6 19. Bf4 Qd8 20. Re5 Bg6 21. Rce1 Nh5 22. Bh2 Qd7 23. Qe2 Kf8 24. b4 Nf6 25. Bg3 Bd6 26. Rxe8+ Nxe8 27. Bxd6+ Qxd6 28. Ne5 Nc7 29. Qg4 Ne6 30. Qg3 Qe7 31. Kf1 Qf6 32. Nd7+ Ke7 33. Nxf6 Kxf6 34. Qe5+ Ke7 35. f4 Bxd3+ 36. Kg1 g6 37. g4 Kf8 38. Qh8+ 1-0

[Event "NZL-ch Major"]
[Site "Auckland"]
[Date "2010.01.03"]
[Round "2"]
[White "Chen, George"]
[Black "Rider, Brett"]
[Result "1-0"]
[WhiteElo "1403"]
[BlackElo "1768"]
[PlyCount "92"]
[EventDate "2010.01.02"]
[EventType "swiss"]
[EventRounds "11"]
[EventCountry "NZL"]
[SourceTitle "CBM 134 Extra"]
[Source "ChessBase"]
[SourceDate "2010.03.03"]
[SourceVersion "1"]
[SourceVersionDate "2010.03.03"]
[SourceQuality "1"]

1. e4 e5 2. Nf3 Nc6 3. Bb5 a6 4. Ba4 Nf6 5. d3 d6 6. 0-0 Be7 7. h3 b5 8. Bb3 Na5 9. Bd2 Nxb3 10. axb3 Bb7 11. Re1 0-0 12. b4 Nd7 13. b3 f5 14. Nc3 f4 15. Nd5 c6 16. Nxe7+ Qxe7 17. c4 d5 18. Qc2 d4 19. c5 Rf7 20. Rec1 Kh8 21. Qd1 Rg8 22. h4 h6 23. Be1 g5 24. hxg5 hxg5 25. Nh2 Rh7 26. f3 Qf7 27. Ng4 Qh5 28. Kf2 Rg6 29. Ke2 Qh1 30. Kf2 Nf6 31. Bd2 Nxg4+ 32. fxg4 Qh4+ 33. Kf1 Qh1+ 34. Kf2 Qh2 35. Be1 Qg3+ 36. Kg1 Qe3+ 37. Bf2 Rh1+ 38. Kxh1 Rh6+ 39. Kg1 Rh1+ 40. Kxh1 Qxf2 41. Qg1 Qb2 42. Qh2+ Kg7 43. Qh5 Kf6 44. Qh6+ Kf7 45. Qxg5 Qe2 46. Qxe5 f3 1-0